| 000 | 00698cam a22002411 4500 | ||
|---|---|---|---|
| 001 | sa 65008272 | ||
| 003 | DLC | ||
| 005 | 20260227112155.0 | ||
| 008 | 891129s1963 io 000 0 ind | ||
| 010 | _asa 65008272 | ||
| 025 | _aPL480:Indo-2016 | ||
| 035 | _a(OCoLC)20710864 | ||
| 040 |
_aDLC _cOCoLC _dDLC |
||
| 042 | _apremarc | ||
| 050 | 0 | 0 | _aLAW <Indonesia 7 Lubi 1963> |
| 100 | 1 |
_aLubis, Mohd Arief, _d1918- |
|
| 245 | 1 | 0 |
_aPokok² hukum perkawinan Islam _c[oleh] H.M. Arief Lubis c.s. |
| 250 | _a[Tjet. 2] | ||
| 260 |
_aDjakarta, _bA. Salim _c[cover 1963] |
||
| 300 |
_a52 p. _c17 cm. |
||
| 500 | _aIndonesian or Arabic. | ||
| 650 | 0 |
_aMarriage (Islamic law) _xOutlines, syllabi, etc. |
|
| 999 |
_c65670 _d65670 |
||